Hoàng đế triều Trần: Cội nguồn - Ấn tượng dân gian
Đã lưu trong:
| Tác giả chính: | |
|---|---|
| Định dạng: | Sách |
| Ngôn ngữ: | Undetermined |
| Được phát hành: |
H.
VHDT
2003
|
| Những chủ đề: | |
| Các nhãn: |
Thêm thẻ
Không có thẻ, Là người đầu tiên thẻ bản ghi này!
|
| Thư viện lưu trữ: | Trung tâm Học liệu Trường Đại học Cần Thơ |
|---|
| LEADER | 00599nam a2200217Ia 4500 | ||
|---|---|---|---|
| 001 | CTU_59267 | ||
| 008 | 210402s9999 xx 000 0 und d | ||
| 020 | |b 22000 | ||
| 082 | |a 959.7 | ||
| 082 | |b Tr561 | ||
| 100 | |a Trường Khánh | ||
| 245 | 0 | |a Hoàng đế triều Trần: Cội nguồn - Ấn tượng dân gian | |
| 245 | 0 | |c Trường Khánh | |
| 260 | |a H. | ||
| 260 | |b VHDT | ||
| 260 | |c 2003 | ||
| 650 | |a tran dynasty,vietnam | ||
| 650 | |x history | ||
| 650 | |y 13th century | ||
| 904 | |i Minh | ||
| 980 | |a Trung tâm Học liệu Trường Đại học Cần Thơ | ||